<?xml version="1.0" encoding="UTF-8"?><marc:collection xmlns:marc="http://www.loc.gov/MARC21/slim">
  <marc:record>
    <marc:leader>00000nam##2200000za#4500</marc:leader>
    <marc:controlfield tag="001">9.529045</marc:controlfield>
    <marc:controlfield tag="003">CaOODSP</marc:controlfield>
    <marc:controlfield tag="005">20200325194819</marc:controlfield>
    <marc:controlfield tag="007">ta</marc:controlfield>
    <marc:controlfield tag="008">150406|1997||||xxc|||||     f|0| 0 fre|d</marc:controlfield>
    <marc:datafield tag="020" ind1=" " ind2=" ">
      <marc:subfield code="a">0-660-59292-4</marc:subfield>
    </marc:datafield>
    <marc:datafield tag="040" ind1=" " ind2=" ">
      <marc:subfield code="a">CaOODSP</marc:subfield>
      <marc:subfield code="b">fre</marc:subfield>
    </marc:datafield>
    <marc:datafield tag="041" ind1=" " ind2=" ">
      <marc:subfield code="a">eng</marc:subfield>
    </marc:datafield>
    <marc:datafield tag="041" ind1=" " ind2=" ">
      <marc:subfield code="a">fre</marc:subfield>
    </marc:datafield>
    <marc:datafield tag="043" ind1=" " ind2=" ">
      <marc:subfield code="a">n-cn---</marc:subfield>
    </marc:datafield>
    <marc:datafield tag="086" ind1="1" ind2=" ">
      <marc:subfield code="a">CS93-359</marc:subfield>
    </marc:datafield>
    <marc:datafield tag="245" ind1="0" ind2="0">
      <marc:subfield code="a">Profil des exploitants agricoles canadiens </marc:subfield>
    </marc:datafield>
    <marc:datafield tag="260" ind1=" " ind2=" ">
      <marc:subfield code="a">Ottawa - Ontario : </marc:subfield>
      <marc:subfield code="b">Statistique Canada. </marc:subfield>
      <marc:subfield code="c">1997.</marc:subfield>
    </marc:datafield>
    <marc:datafield tag="300" ind1=" " ind2=" ">
      <marc:subfield code="a">xxvii, 157p. : </marc:subfield>
      <marc:subfield code="b">tableaux ; </marc:subfield>
      <marc:subfield code="c">28 cm.</marc:subfield>
    </marc:datafield>
    <marc:datafield tag="490" ind1="1" ind2=" ">
      <marc:subfield code="a">Recensement de l'agriculture de 1996 </marc:subfield>
    </marc:datafield>
    <marc:datafield tag="500" ind1=" " ind2=" ">
      <marc:subfield code="a">«Cette nouvelle publication renferme des données sur les caractéristiques des exploitants agricoles établies à partir du questionnaire du Recensement de l'agriculture de 1996 (p. ex., le genre de travail accompli, l'exploitation d'entreprises non agricoles, les blessures subies à la ferme) et sur certaines variables agricoles (p. ex., le genre de ferme, les revenus agricoles bruts) recoupées selon le nombre d'exploitants par ferme, l'âge et le sexe des exploitants agricoles, à l'échelle du Canada et des provinces. Elle présente une répartition de la population totale et de la population agricole selon l'âge, le sexe et le lieu de résidence (régions rurales et urbaines). Elle comprend des tableaux comparatifs chronologiques montrant les changements survenus entre le recensement de l'agriculture de 1991 et celui de 1996.» Date de parution: 4e trimestre 1997.</marc:subfield>
    </marc:datafield>
    <marc:datafield tag="520" ind1="3" ind2=" ">
      <marc:subfield code="a">Cette nouvelle publication renferme des données sur les caractéristiques des exploitants agricoles établies à partir du questionnaire du Recensement de l'agriculture de 1996 (p. ex., le genre de travail accompli, l'exploitation d'entreprises non agricoles, les blessures subies à la ferme) et sur certaines variables agricoles (p. ex., le genre de ferme, les revenus agricoles bruts) recoupées selon le nombre d'exploitants par ferme, l'âge et le sexe des exploitants agricoles, à l'échelle du Canada et des provinces. Elle présente une répartition de la population totale et de la population agricole selon l'âge, le sexe et le lieu de résidence (régions rurales et urbaines). Elle comprend des tableaux comparatifs chronologiques montrant les changements survenus entre le recensement de l'agriculture de 1991 et celui de 1996</marc:subfield>
    </marc:datafield>
    <marc:datafield tag="563" ind1=" " ind2=" ">
      <marc:subfield code="a">Couverture souple</marc:subfield>
    </marc:datafield>
    <marc:datafield tag="590" ind1=" " ind2=" ">
      <marc:subfield code="a">97-50</marc:subfield>
      <marc:subfield code="b">1997-12-12</marc:subfield>
    </marc:datafield>
    <marc:datafield tag="710" ind1="1" ind2=" ">
      <marc:subfield code="a">Canada.</marc:subfield>
      <marc:subfield code="b">Statistique Canada. </marc:subfield>
      <marc:subfield code="b">Recensement.</marc:subfield>
    </marc:datafield>
    <marc:datafield tag="791" ind1=" " ind2=" ">
      <marc:subfield code="t">Profile of Canadian farm operators </marc:subfield>
      <marc:subfield code="e">eng</marc:subfield>
      <marc:subfield code="w">(CaOODSP)9.529044</marc:subfield>
    </marc:datafield>
    <marc:datafield tag="830" ind1="#" ind2="0">
      <marc:subfield code="a">Recensement de l'agriculture de 1996.</marc:subfield>
      <marc:subfield code="w">(CaOODSP)9.509185</marc:subfield>
    </marc:datafield>
  </marc:record>
</marc:collection>
